Loading...

Bold tourism in the modern era

Bibliographic Details
Main Author: Chawla, Promila
Format: Printed Book
Published: Mahadevasastrikal 2008
Subjects:
LEADER 00592nam a2200193 4500
020 |c 700 
082 |a 338.4791ADV CHA 
100 |a Chawla, Promila 
245 |a Bold tourism in the modern era  |c Chawla, Promila 
250
260 |a Mahadevasastrikal  |c 2008 
300 |a 358 p 
490
500
590 |a Arunima Book Distributors  |b ABD-0022 dtd 22-04-2010 
650 |a Adventure tourism--Bold tourism 
942 |c BK 
999 |c 133925  |d 133925 
952 |0 0  |1 0  |4 0  |6 338_000000000000000_4791ADV_CHA  |7 0  |9 147385  |a IMK  |b IMK  |g 700.00  |l 0  |o 338.4791ADV CHA  |p IMK00T32  |r 2019-10-25  |w 2019-10-25  |y BK